00672nam a2200193 i 450000100060000000300090000600500170001500700030003200800410003508000260007624501610010226000340026330000220029761000380031965000290035770000330038671000380041985200210045744828ES-MaACL20250809035211.0t|030324s1850 sp ||||1| spa d a343(460)"1850"(094.4)00aCódigo penal de España b: refundido por la nueva ley de 30 de junio de este año y dispuesto en forma de diálogo / cpor Pedro Carrillo y Sánchez. aMadrid : bE. Aguado, c1850. a189 p. ; c21 cm.14aEspaña. tCódigo penal, 1850. 4aDerecho penal-zEspaña1 aCarrillo y Sánchez, Pedro.1 aEspaña. tCódigo penal, 1850.4 aES-MaACLjD-1182